MARC details
| 000 -CABECERA |
| campo de control de longitud fija |
02236nam a2200469Ia 4500 |
| 001 - NÚMERO DE CONTROL |
| campo de control |
dia_7328 |
| 003 - IDENTIFICADOR DEL NÚMERO DE CONTROL |
| campo de control |
CHAP |
| 005 - FECHA Y HORA DE LA ÚLTIMA TRANSACCIÓN |
| campo de control |
20240829131551.0 |
| 007 - CAMPO FIJO DE DESCRIPCIÓN FÍSICA--INFORMACIÓN GENERAL |
| campo de control de longitud fija |
ta |
| 008 - DATOS DE LONGITUD FIJA--INFORMACIÓN GENERAL |
| campo de control de longitud fija |
220117s2018 mx abdofr 001 0 spa d |
| 040 ## - FUENTE DE LA CATALOGACIÓN |
| Centro/agencia transcriptor |
CHAP |
| Centro catalogador/agencia de origen |
mxchpua |
| 090 ## - LOCALMENTE ASIGNADO TIPO-LC NÚMERO DE CLASIFICACIÓN (OCLC); NÚMERO DE CLASIFICACIÓN LOCAL (RLIN) |
| Número de clasificación (OCLC) (R) ; Numero de clasificación, CALL (RLIN) (NR) |
T.C.764 |
| Número cutter local (OCLC) ; Número de libro/Signatura topográfica íntegra, CALL (RLIN) |
P66 EIUPA |
| Año |
2018 |
| 245 10 - MENCIÓN DE TÍTULO |
| Título |
Estudio integral de una unidad de producción agroindustrial en la Habana, Cuba (UEB Habana: FitoMas ) / |
| Mención de responsabilidad, etc. |
coordinadores Pedro Ponce Hernández y Ofelia Sandoval Castilla ; colaboradores Fabiola Aguilar Aguilar...[et al.] |
| 260 ## - PUBLICACIÓN, DISTRIBUCIÓN, ETC. |
| Lugar de publicación, distribución, etc. |
México : |
| Nombre del editor, distribuidor, etc. |
El autor, |
| Fecha de publicación, distribución, etc. |
2018 |
| 300 ## - DESCRIPCIÓN FÍSICA |
| Extensión |
cerca 100 hojas : |
| Otras características físicas |
ilustraciones, mapas, gráficas, diagramas, tablas, fotos + |
| Material acompañante/anejo |
1 CD-ROM |
| 336 ## - TIPO DE CONTENIDO |
| Fuente |
rdacontent |
| Término de tipo de contenido |
texto |
| Código de tipo de contenido |
txt |
| 337 ## - TIPO DE MEDIO |
| Fuente |
rdamedia |
| Nombre/término del tipo de medio |
no mediado |
| Código del tipo de medio |
n |
| 338 ## - TIPO DE SOPORTE |
| Fuente |
rdacarrier |
| Nombre/término del tipo de soporte |
volumen |
| Código del tipo de soporte |
nc |
| 500 ## - NOTA GENERAL |
| Nota general |
7° año --<br/>El CD contiene reporte y planos |
| 502 ## - NOTA DE TESIS |
| Nota de tesis |
Viaje de Estudios |
| Tipo de título |
(EIUPA) -- |
| Nombre de la institución que otorga el título |
UACh. Departamento de Ingeniería Agroindustrial, |
| Año de obtención del título |
2018 |
| 504 ## - NOTA DE BIBLIOGRAFÍA, ETC. |
| Nota de bibliografía, etc. |
Incluye bibliografía |
| 505 ## - NOTA DE CONTENIDO CON FORMATO |
| Nota de contenido con formato |
3 planos --<br/>1. Diagrama de recorrido propuesto (Esc. 1:175) --<br/>2. Diagrama de recorrido (Esc. 1:175) -<br/>3. Plano de distribución de áreas (Esc. 1:175) |
| 650 13 - PUNTO DE ACCESO ADICIONAL DE MATERIA--TÉRMINO DE MATERIA |
| Término de materia o nombre geográfico como elemento de entrada |
Caña de Azúcar |
| 650 13 - PUNTO DE ACCESO ADICIONAL DE MATERIA--TÉRMINO DE MATERIA |
| Término de materia o nombre geográfico como elemento de entrada |
Industria azucarera |
| 9 (RLIN) |
57784 |
| Subdivisión geográfica |
Cuba |
| 650 10 - PUNTO DE ACCESO ADICIONAL DE MATERIA--TÉRMINO DE MATERIA |
| Término de materia o nombre geográfico como elemento de entrada |
Sugarcane |
| 9 (RLIN) |
152878 |
| 650 13 - PUNTO DE ACCESO ADICIONAL DE MATERIA--TÉRMINO DE MATERIA |
| Término de materia o nombre geográfico como elemento de entrada |
Sugar industry |
| 9 (RLIN) |
162970 |
| Subdivisión geográfica |
Cuba |
| 700 1# - PUNTO DE ACCESO ADICIONAL--NOMBRE DE PERSONA |
| Nombre de persona |
Ponce Hernández, Pedro |
| 9 (RLIN) |
147918 |
| Término indicativo de función/relación |
coordinador |
| 700 1# - PUNTO DE ACCESO ADICIONAL--NOMBRE DE PERSONA |
| Nombre de persona |
Sandoval Castilla, Ofelia |
| 9 (RLIN) |
151810 |
| Término indicativo de función/relación |
coordinadora |
| 700 1# - PUNTO DE ACCESO ADICIONAL--NOMBRE DE PERSONA |
| Nombre de persona |
Aguilar Aguilar, Fabiola |
| 9 (RLIN) |
137125 |
| Término indicativo de función/relación |
colaboradora |
| 856 41 - LOCALIZACIÓN Y ACCESO ELECTRÓNICOS |
| Identificador Uniforme del Recurso |
<a href="http://10.13.5.2/ve/TC764EIUPA/TC764EIUPA2018-PLANO-DIAGRAMADERECORRIDOPROPUESTO.pdf">http://10.13.5.2/ve/TC764EIUPA/TC764EIUPA2018-PLANO-DIAGRAMADERECORRIDOPROPUESTO.pdf</a> |
| Texto de enlace |
DESCARGAR DIAGRAMA DE RECORRIDO PROPUESTO |
| 856 41 - LOCALIZACIÓN Y ACCESO ELECTRÓNICOS |
| Identificador Uniforme del Recurso |
<a href="http://10.13.5.2/ve/TC764EIUPA/TC764EIUPA2018-PLANO-DIAGRAMADERECORRIDO.pdf">http://10.13.5.2/ve/TC764EIUPA/TC764EIUPA2018-PLANO-DIAGRAMADERECORRIDO.pdf</a> |
| Texto de enlace |
DESCARGAR DIAGRAMA DE RECORRIDO |
| 856 41 - LOCALIZACIÓN Y ACCESO ELECTRÓNICOS |
| Identificador Uniforme del Recurso |
<a href="http://10.13.5.2/ve/TC764EIUPA/TC764-EIUPA2018-PLANO-DISTRIBUCIONDEAREAS.pdf">http://10.13.5.2/ve/TC764EIUPA/TC764-EIUPA2018-PLANO-DISTRIBUCIONDEAREAS.pdf</a> |
| Texto de enlace |
DESCARGAR PLANO DE DISTRIBUCIÓN DE ÁREAS |
| 856 41 - LOCALIZACIÓN Y ACCESO ELECTRÓNICOS |
| Identificador Uniforme del Recurso |
<a href="http://10.13.5.2/ve/TC764EIUPA/TC764EIUPA2018-REPORTE.pdf">http://10.13.5.2/ve/TC764EIUPA/TC764EIUPA2018-REPORTE.pdf</a> |
| Texto de enlace |
DESCARGAR REPORTE |
| 942 ## - ELEMENTOS DE PUNTO DE ACCESO ADICIONAL (KOHA) |
| Fuente del sistema de clasificación o colocación |
Clasificación Universidad Autónoma de Chapingo |
| 901 ## - ELEMENTOS DE DATOS A LOCAL LDA (RLIN) |
| a |
T.C.764 P66 EIUPA 2018 |
| 902 ## - ELEMENTOS DE DATOS B LOCAL, LDB (RLIN) |
| a |
M |
| 905 ## - ELEMENTOS DE DATOS E LOCAL, LDE (RLIN) |
| a |
5232272018 mx nmel8223123322spa16 |
| 942 ## - ELEMENTOS DE PUNTO DE ACCESO ADICIONAL (KOHA) |
| Tipo de ítem Koha |
Viaje de Estudios |